<?xml version="1.0" encoding="UTF-8"?>
<collection xmlns="http://www.loc.gov/MARC21/slim">
 <record>
  <leader>00723nam a2200169 a 4500</leader>
  <controlfield tag="001">1/27177</controlfield>
  <controlfield tag="008">190154s19--    gr af    b    00010 gre d</controlfield>
  <datafield tag="035" ind1=" " ind2=" ">
   <subfield code="l">29036</subfield>
  </datafield>
  <datafield tag="082" ind1="0" ind2="0">
   <subfield code="a">657 ΠΑΠ</subfield>
  </datafield>
  <datafield tag="100" ind1="1" ind2=" ">
   <subfield code="a">Παπαϊωάννου, Στράτος Κ.</subfield>
  </datafield>
  <datafield tag="245" ind1="1" ind2="0">
   <subfield code="a">Γενικαί αρχαί λογιστικής /</subfield>
   <subfield code="c">Στρ. Κ. Παπαϊωάννου.</subfield>
  </datafield>
  <datafield tag="260" ind1="0" ind2=" ">
   <subfield code="a">[Αθήναι] :</subfield>
   <subfield code="b">[Αργύρης Παπαζήσης],</subfield>
   <subfield code="c">[19--].</subfield>
  </datafield>
  <datafield tag="300" ind1=" " ind2=" ">
   <subfield code="a">τ. :</subfield>
   <subfield code="b">εικ., πίν. ;</subfield>
   <subfield code="c">24 εκ.</subfield>
  </datafield>
  <datafield tag="500" ind1=" " ind2=" ">
   <subfield code="a">Η καταλογογράφηση έγινε από το εξώφυλλο.</subfield>
  </datafield>
  <datafield tag="650" ind1=" " ind2="4">
   <subfield code="a">Λογιστική.</subfield>
  </datafield>
  <datafield tag="650" ind1=" " ind2="4">
   <subfield code="a">Accounting.</subfield>
  </datafield>
  <datafield tag="852" ind1=" " ind2=" ">
   <subfield code="a">INST</subfield>
   <subfield code="b">UNIPILB</subfield>
   <subfield code="c">MAIN</subfield>
   <subfield code="e">20050714</subfield>
   <subfield code="h">657 ΠΑΠ</subfield>
   <subfield code="p">00148731</subfield>
   <subfield code="q">00148731</subfield>
   <subfield code="t">CLOCOL</subfield>
   <subfield code="y">23</subfield>
   <subfield code="4">1</subfield>
  </datafield>
 </record>
</collection>
